Nariadenie o zahraničných subvenciách narúšajúcich vnútorný trh prináša do verejného obstarávania nové povinnosti

Nové nariadenie Európskeho parlamentu a Rady (EÚ) 2022/2560 zo 14. decembra 2022 o zahraničných subvenciách narúšajúcich vnútorný trh („Nariadenie“) ukladá (verejným) obstarávateľom, resp. uchádzačom vo verejnom obstarávaní s predpokladanou hodnotou aspoň 250 miliónov eur novú oznamovaciu povinnosť...

Descripción completa

Guardado en:
Detalles Bibliográficos
Autor principal: Kadlec, Petr
Formato: Capítulo de libro
Lenguaje:eslovaco
Materias:
Etiquetas: Agregar Etiqueta
Sin Etiquetas, Sea el primero en etiquetar este registro!

MARC

LEADER 00000naa a2200000 4500
001 0297618
005 20240417075257.4
041 0 |a slo 
044 |a SK 
245 1 0 |a Nariadenie o zahraničných subvenciách narúšajúcich vnútorný trh prináša do verejného obstarávania nové povinnosti  |c Petr Kadlec 
520 |a Nové nariadenie Európskeho parlamentu a Rady (EÚ) 2022/2560 zo 14. decembra 2022 o zahraničných subvenciách narúšajúcich vnútorný trh („Nariadenie“) ukladá (verejným) obstarávateľom, resp. uchádzačom vo verejnom obstarávaní s predpokladanou hodnotou aspoň 250 miliónov eur novú oznamovaciu povinnosť voči Európskej komisii, ktorej plnenie bude značne administratívne i časovo náročné. V prípade jej porušenia hrozia vysoké pokuty, a to až do výšky 10 % z ročného obratu celej skupiny, do ktorej dodávateľ patrí, a tiež vylúčenie z verejného obstarávania. 
610 2 0 |a subvencie 
610 2 0 |a trh 
610 2 0 |a obstarávanie verejné 
610 2 0 |a Európska komisia 
610 2 0 |a Európsky parlament 
100 1 |a Kadlec, Petr